000 01445cam a2200361 i 4500
001 42638
003 Mx-PuUPA
005 20221027122358.0
008 140415s1996 mx ad fr 000 0 spa d
020 _a9682523974
040 _aMx-PuUPA
_bspa
_cMx-PuUPA
_dMx-PuUPA
_erda
041 0 _aspa
110 2 _aAsociación Mexicana de Pediatría,
245 1 0 _aInfectología /
_cAsociación Mexicana de Pediatría ; director huésped, José Ignacio Santos Preciado ; colaboradores, Eduardo Aranda Torrelio, Antonio H. Arbo Sosa, [y otros 20]
250 _aPrimera edición
264 1 _aMéxico, D. F. :
_bNueva Editorial Interamericana,
_c©1996
300 _a269 páginas :
_bilustraciones, graficas, diagramas ;
_c23 cm
336 _2rdacontent
_atexto
_btxt
337 _2rdamedia
_asin medio
_bn
338 _2rdacarrier
_avolumen
_bnc
490 0 _aTemas de pediatría
650 7 _2armarc
_aPediatría
650 7 _2armarc
_aEnfermedades transmisibles en niños
650 7 _2armarc
_aInfecciones en niños
_xDiagnostico
650 7 _2armarc
_aInfecciones en niños
_xTratamiento
700 1 _aSantos Preciado, José Ignacio,
_edirector
_913438
700 1 _aAranda Torrelio, Eduardo,
_ecolaborador
700 1 _aArbo Sosa, Antonio H.,
_ecolaborador
942 _2ddc
_cLI
_h618.929
_iI43
999 _c42638
_d42638